BUBT Library Online Catalog

Woven Cloth Construction (Record no. 4104)

000 -LEADER
fixed length control field 00549nam a2200205Ia 4500
003 - CONTROL NUMBER IDENTIFIER
control field BUBTL
008 - FIXED-LENGTH DATA ELEMENTS--GENERAL INFORMATION
fixed length control field 151213s9999 xx 000 0 und d
020 ## - INTERNATIONAL STANDARD BOOK NUMBER
International Standard Book Number 0-900739-04-5
082 ## - DEWEY DECIMAL CLASSIFICATION NUMBER
Classification number 677ROW
100 ## - MAIN ENTRY--PERSONAL NAME
Personal name Robinson,A.T.C./Marks.R
9 (RLIN) 1164
245 ## - TITLE STATEMENT
Title Woven Cloth Construction
260 ## - PUBLICATION, DISTRIBUTION, ETC. (IMPRINT)
Place of publication, distribution, etc. London
Name of publisher, distributor, etc. The Textile Institute
Date of publication, distribution, etc. c1973
300 ## - PHYSICAL DESCRIPTION
Extent [v],174p.
Other physical details ills.
Dimensions 20cm.
650 ## - SUBJECT ADDED ENTRY--TOPICAL TERM
Topical term or geographic name as entry element Textile
650 ## - SUBJECT ADDED ENTRY--TOPICAL TERM
Topical term or geographic name as entry element Textile
700 ## - ADDED ENTRY--PERSONAL NAME
Personal name Robinson,A.T.C./Marks.R
9 (RLIN) 1165
856 ## - ELECTRONIC LOCATION AND ACCESS
Password 0
Logon 0
Link text Download
942 ## - ADDED ENTRY ELEMENTS (KOHA)
Source of classification or shelving scheme
Koha item type Books
Holdings
Withdrawn status Lost status Source of classification or shelving scheme Damaged status Not for loan Collection code Permanent location Current location Shelving location Date acquired Inventory number Total Checkouts Full call number Barcode Date last seen Copy number Price effective from Koha item type Date last checked out
        Not For Loan Non-fiction Bangladesh University of Business and Technology Library Bangladesh University of Business and Technology Library Textile Engineering Stacks 07/21/2010 7470   677ROW BUBTL-20037470 03/28/2017 C-1 03/28/2017 Books  
          Non-fiction Bangladesh University of Business and Technology Library Bangladesh University of Business and Technology Library Textile Engineering Stacks 07/21/2010 7471 1 677ROW BUBTL-20037471 11/04/2019 C-2 03/28/2017 Books 11/04/2019
          Non-fiction Bangladesh University of Business and Technology Library Bangladesh University of Business and Technology Library Textile Engineering Stacks 07/21/2010 7472   677ROW BUBTL-20037472 03/28/2017 C-3 03/28/2017 Books  
        Not For Loan Non-fiction Bangladesh University of Business and Technology Library Bangladesh University of Business and Technology Library Textile Engineering Stacks 08/29/2010 8162   677ROW BUBTL-20038162 03/28/2017 C-4 03/28/2017 Books  
          Non-fiction Bangladesh University of Business and Technology Library Bangladesh University of Business and Technology Library Textile Engineering Stacks 08/29/2010 8163   677ROW BUBTL-20038163 03/28/2017 C-5 03/28/2017 Books  
          Non-fiction Bangladesh University of Business and Technology Library Bangladesh University of Business and Technology Library Textile Engineering Stacks 08/29/2010 8164   677ROW BUBTL-20038164 03/28/2017 C-6 03/28/2017 Books  

More Information About Library

Library Hours

  • Open: 9.00 am. to 9.00 pm.
  • Only Sunday: 9.00 am. to 6.00 pm.
  • Closed: Holiday

Contact to the University

Bangladesh University of Business and Technology Library

  • Mirpurl-2, 1216.
  • Phone:
  • Fax:
  • E-Mail: admin.library@bubt.edu.bd

Contact to the Library

Contact Person:

Md. Abdul Hakim Shah
Joint Librarian
PABX No:  113
Cell No: 01816332931
E-mail: official: admin.library@bubt.edu.bd
Personal: hakim.shah@bubt.edu.bd


BUBT Library

Copyright © 2021